| 000 | 01064 a2200265 4500 | ||
|---|---|---|---|
| 001 | 40776 | ||
| 005 | 20260407155703.0 | ||
| 008 | 260407a2010 arg spa d | ||
| 003 | AR-UNSa-BCEJYS | ||
| 040 |
_aAR-UNSa-BCEJYS _bspa _cAR-UNSa-BCEJYS |
||
| 080 |
_a338.22 _xPolítica económica en general |
||
| 245 | 1 | 0 |
_aEconomic policy _pTheory and practice |
| 020 | _a978-0-19-532273-6 | ||
| 264 | 1 |
_aNew York : _bOxford University Press _c2010 |
|
| 300 |
_axii, 709 p. _c24 cm. |
||
| 505 | _a1. Concepts - 2. Economic policy in a complex world - 3. Fiscal policy - 4. Monetary policy - 5. International financial integration and foreign-exchange policy - 6. Growth Policies - 7. Tax Policy - 8. Economic policy and the 2007-09 crisis | ||
| 041 | _aspa | ||
| 942 | _cBK | ||
| 590 | _aniveau_biblio:m niveau_hierar:0 | ||
| 100 | 1 | _aBénassy-Quéré, Agnes | |
| 700 | 1 | _aCoeuré, Benoit | |
| 700 | 1 | _aJacquet, Pierre | |
| 700 | 1 | _aPisani-Ferry, Jean | |
| 856 | 4 | 1 |
_uhttps://biblioeco.unsa.edu.ar/pmb/images/libros/L126238.jpg _yImagen de portada _qimage/jpeg |
| 999 |
_c3305 _d3305 |
||